Súčasné trendy v manažmente rizík poisťovacích a zaisťovacích subjektov diplomová práca

Na minha lista:
Detalhes bibliográficos
Autor principal: Balla, Tomáš
Autor Corporativo: Národohospodárska fakulta EU. Katedra poisťovníctva
Outros Autores: Krátka, Zuzana, 1968-
Formato: Livro
Idioma:eslovaco
Publicado em: Bratislava 2008
Tags: Adicionar Tag
Sem tags, seja o primeiro a adicionar uma tag!

MARC

LEADER 00000nam$a2200000$$$4500
001 0077165
005 20240201120426.5
041 0 |a slo 
044 |a SK 
245 1 0 |a Súčasné trendy v manažmente rizík poisťovacích a zaisťovacích subjektov  |b diplomová práca  |c Tomáš Balla ; škol. Zuzana Krátka 
264 1 |a Bratislava  |c 2008 
300 |a 75 s. 
100 1 |a Balla, Tomáš 
700 1 |a Krátka, Zuzana, 1968- 
710 2 |a Národohospodárska fakulta EU. Katedra poisťovníctva